Bir hilal uğruna... (Record no. 4032)

MARC details
000 -BAŞLIK
Sabit Uzunlukta Kontrol Alanı 00559na a2200205 4500
001 - KONTROL NUMARASI
Denetim Alanı 16532
003 - KONTROL NUMARASI IDENTIFIER
Denetim Alanı MIRAKIL
005 - SON İŞLEM TARİHİ VE ZAMANI
Denetim Alanı 20181213154951.0
008 - SABİT-BOY VERİ ELEMANLARI - GENEL BİLGİLER
Sabit Uzunlukta Kontrol Alanı 161011b tu 000 0
040 ## - KATALOGLAMA KAYNAK
Orijinal Kataloglama Ajansı Milas
Kataloglama Dili tur
Metne Dönüştürmek Ajansı TR-AnCHP
041 ## - DİL KODU
Metin / Ses Parça Veya Ayrı Başlığın Dil Kodu tur
082 ## - DEWEY ONLU SINIFLANDIRMA NUMARASI
Sınıflandırma Numarası 324.2183
Ürün Numarası B23b 2009
090 ## - SINIFLAMA NUMARASI
Sınıflama Numarası 324.2183 B23b 2009
100 ## - ANA GİRİŞ - KİŞİSEL İSİM
Kişisel Ad Bahçeli, Devlet
245 ## - BAŞLIK TABLOSU
Başlık Bir hilal uğruna...
Başlığın Kalan 40 yıl
Sorumluluk Tablosu, Vb Devlet Bahçeli
260 ## - YAYIN, DAĞITIM, VB
Yayın, Dağıtım, Vb Yeri [Ankara]
Yayıncı, Dağıtıcı, Vs Adı [yayl. y.]
Yayın, Dağıtım, Vb Tarihi 2009
300 ## - FİZİKSEL TANIM
Kapsam 91 s.
Diğer Fiziksel Ayrıntıları fotg.
Boyutlar 19 sm.
610 ## - KONU KATMA GİRİŞ - TOPLANTI ADI
Giriş Elemanı Olarak Kurumsal Ad Veya Yargı Alanı Adı Milliyetçi Hareket Partisi (MHP)
Genel Alt Bölüm Tarih
942 ## - EKLENDİ GİRİŞ ELEMANLARI (KOHA)
Sınıflandırma Veya Raf Düzeni Kaynak Dewey Decimal Classification
Koha Öğesi Türü Books
999 ## - SİSTEM KONTROL NUMARALARI (KOHA)
Koha Biblionumber 4032
Koha Biblioitemnumber 4032
Holdings
Kalıcı Konum Mevcut Konum Edinme Tarihi Edinim Kaynak Toplam Check-Out'Lar Tam Çağrı Numarası Barkod Tarih Son Görülme İtibaren Geçerli Fiyatlar Koha Öğesi Türü
CHP Kütüphanesi CHP Kütüphanesi 10/07/2016 Bağış   324.2183 B23b 2009 006545 10/07/2016 10/07/2016 Books